Statistics for Name the Generation Z slang

Click here to take the quiz!

General Stats

  • This quiz has been taken 120 times
  • The average score is 10 of 58

Answer Stats

HintAnswer% Correct
For realFr
63%
Greatest of all timeGoat
55%
a m o g u sSus
55%
Of something to be average/mediocreMid
53%
A lieCap
51%
One's courtship/seduction skillsRizz
51%
Short for "On god." Means that a person's statement is honest.Ong
42%
A major improvement in one's self, usually an improvement in appearance, confidence, and style. Frequently used in a context relating to puberty.Glow up
37%
If you know, you knowIykyk
37%
Used to describe good foodBussin
34%
To do something well.Slay
34%
Derogatory term directed towards Baby Boomers. Used as a response when boomers are deemed to be out of touch with younger generations.Ok boomer
30%
GossipingTea
28%
A good song or album.Bop
26%
Used to describe a good meme.Dank
25%
CoolLit
25%
Super intense minecraft player or Sycophancy, being overly affectionate in pursuit of a sexual relationship.Simp
25%
Yes, ok, "it's on."Bet
24%
A response to embarrassment or social awkwardnessCringe
24%
The truth or stating something, which people agree on.Fax
20%
FashionDrip
16%
to be your self and not care about how others view you, or to indicate an opinion or something that someone agrees with.Based
15%
Meaning "Boy 😺". It is associated with Femboy cultureBussy
15%
Used to refer to something that is perceived to be good.Slaps
15%
As lordAsl
14%
Someone who cannot think for themselves and/or has no or little control over their own life. Someone that is ready to agree with popular opinion unquestioningly and always believes what they are told.NPC
13%
To be constantly thinking or upset about somethingRent free
12%
Supporting something. Specifically used in cases to the idolatry support of personalities.Stan
12%
A high-class/materialistic person.Boujee
11%
Used on social media when someone feels attacked by a post.@me
11%
AcceptableValid
11%
Derogatory term for Millennials. Used when millennials are perceived to be excessively attempting to be trendy or stylish.Cheugy
10%
Swift and witty response to an insult or critiqueClapback
10%
To understand what was supposed to be done; to do something wellUnderstood the assignment
10%
To check one's personality or attitudeVibe check
10%
Let one plan something.Let him cook
9%
Term used to describe when someone is excessively angry.Big mad
8%
Used to threaten someone with a fist fightCatch these hands
8%
To praise someone when they are doing something good. The one being praised is to do the "ice in my veins" pose popularized by Basketball player D'Angelo Russell.SHEEESH
8%
LackingTrippin
8%
Known as the funny number42,069
5%
Describe the attitude or connotation of something or someone.Its giving
5%
Used to add emphasis to somethingPeriodt
5%
Having a nonchalant attitude; to chillVibin
5%
When someone is angry but its so funny.Angy
4%
To apply makeup to the face.Beat your face
4%
Used to address someone. And he is also trippinJit
4%
Insult used primarily online.L+ratio
4%
Used to describe a girl or a romantic partner.Shawty
4%
Used to express shock, embarrassment, and or amusement.And I oop
3%
Laughing hardDed
3%
Cat callSksksk
3%
Used to refer to something that is perceived to be good.Snatched
3%
Walter Hartwell WhiteWaltuh
3%
Used to describe something embarrassing or cringey, particularly in response to an offensive comment.Big yikes
2%
Something that is better in a peculiar manner.Hits different
2%
To get in a physical altercation with someone.Bang 30s
1%
Used to condemn or poke fun at someone or something.Not you
1%

Score Distribution

Percentile by Number Answered

Percent of People with Each Score

Your Score History

You have not taken this quiz